000 02451nam a22001937a 4500
005 20260415113900.0
008 260415b |||||||| |||| 00| 0 eng d
020 _a9780803981973
037 _cTexual
040 _aRTL
_cRTL
084 _qRTL
245 _aNational traditions in Sociology
260 _aNew Delhi
_bSage
_c1989
300 _bvi, 248p.
_cIncludes bibliographical references and index
520 _aSince the beginning of the twentieth century, the discipline of sociology has grown enormously--in its literature, in its influence, and in its institutional development. Now, as a result of it being recognized as a major field of study in all parts of the world, sociology has entered a new phase of its existence--as a genuine international science. Nikolai Genov looks back over the past few decades since World War II to study the manner in which national conditions determine the content of sociological theorizing. The present collection provides abundant empirical evidence and theoretical analyses of the wide variety of national sociological traditions--contributed by well known scholars in the international scientific community. Intriguing case studies are used to represent the major regions of worldwide sociology and to cover its main theoretical directions. The contributors suggest that there is a growing need for scholars to understand the context of disciplinary development in other countries. This indispensable volume will make the mutual understanding among scholars easier and enrich their visions on the means and ends of international sociology. "These essays, well written and carefully documented, are both interesting and intriguing. What one learns is that the culture, politics, and traditions of each of these countries shape the discipline, order the research agendas, and define the central issues of the field. . . . For the professional sociologist this collection offers a marvelous opportunity to discover how one′s colleagues in other countries approach sociology. But it also offers an opportunity for the professional sociologist to realize that American sociology is not universally accepted as the model of the discipline. Indeed, after reading this volume one might gain an appreciation and understanding of how American sociologists champion their approach."
650 _aSociology--Congresses
_91234794
650 _aSociology--History--Congresses
_91234795
942 _2CC
_cTB
_n0
999 _c1848265
_d1848265